| 000 | 01085nam a2200241Ia 4500 | ||
|---|---|---|---|
| 003 | Ost | ||
| 005 | 20260507075053.0 | ||
| 008 | 260507s9999||||xx |||||||||||||| ||und|| | ||
| 020 | _a9773280632 | ||
| 040 | _cfsecg | ||
| 041 | _aara | ||
| 082 | _a382 | ||
| 100 |
_aمحمدين، جلال وفاء _eمؤلف |
||
| 245 | 0 |
_aتسوية منازعات التجارة الدولية في اطار اتفاقيات الجات / _c جلال وفاء محمدين |
|
| 260 |
_aالاسكندرية: _bدار الجامعة الجديدة للنشر, _c2002 |
||
| 300 |
_a120 صفحة؛ _bإيضاحات ؛ _c24 سم |
||
| 490 | _aالمكتبة القانونية | ||
| 504 | _aالمراجع ص.107 | ||
| 520 | _aخصائص آلية تسوية المنازعات في منظمة التجارة العالمية، قواعد واجراءات تسوية المنازعات في منظمة التجارة العالمية، تنفيد التوصيات والقرارات | ||
| 653 | _aالتجارة الدولية | ||
| 653 | _aالمنظمات الدولية | ||
| 942 | _cكتاب | ||
| 999 |
_c42692 _d42692 |
||